[Event "Olimpiada de Khanty-Mansiysk 2010"]
[Site "Khanty-Mansiysk RUS"]
[Date "2010.09.24"]
[Round "4"]
[White "Topalov, Veselin"]
[Black "Lodhi, Mahmood"]
[Result "1-0"]
[WhiteElo "2803"]
[BlackElo "2391"]
[PlyCount "65"]
[EventDate "2010.09.21"]
[EventType "team"]
[EventRounds "11"]
[EventCountry "RUS"]
[Source "lmi"]
[SourceDate "2010.09.21"]
[WhiteTeam "Bulgaria"]
[BlackTeam "Pakistán"]
[WhiteTeamCountry "BUL"]
[BlackTeamCountry "PAK"]

1. d4 d5 2. c4 c6 3. Nf3 Nf6 4. Nc3 dxc4 5. a4 Bf5 6. e3 e6 7. Bxc4 Nbd7 8. O-O
Bb4 9. Nh4 Bg6 10. g3 a5 11. Qe2 O-O 12. Nxg6 hxg6 13. Rd1 Qe7 14. e4 e5 15. d5
Ne8 16. dxc6 bxc6 17. Qg4 Nd6 18. Ba2 Nf6 19. Qxg6 Kh8 20. Qg5 Bxc3 21. bxc3
Ndxe4 22. Qh4+ Kg8 23. Bb1 Nxc3 24. Bh7+ Kh8 25. Ba3 Qe8 26. Bf5+ Kg8 27. Rd6
Ncd5 28. Rd1 g6 29. Rxf6 Nxf6 30. Qxf6 Rd8 31. Rc1 gxf5 32. Be7 Rd1+ 33. Rxd1
1-0

[Event "Olimpiada de Khanty-Mansiysk 2010"]
[Site "Khanty-Mansiysk RUS"]
[Date "2010.09.24"]
[Round "4"]
[White "Amer, Karim"]
[Black "Cheparinov, Ivan"]
[Result "0-1"]
[WhiteElo "2234"]
[BlackElo "2661"]
[PlyCount "146"]
[EventDate "2010.09.21"]
[EventType "team"]
[EventRounds "11"]
[EventCountry "RUS"]
[Source "lmi"]
[SourceDate "2010.09.21"]
[WhiteTeam "Pakistán"]
[BlackTeam "Bulgaria"]
[WhiteTeamCountry "PAK"]
[BlackTeamCountry "BUL"]

1. f4 c5 2. Nf3 g6 3. e4 Bg7 4. Nc3 Nc6 5. Bc4 e6 6. d3 Nge7 7. O-O d5 8. Bb3
O-O 9. Qe1 Na5 10. Bd2 b6 11. Qh4 c4 12. Ba4 a6 13. dxc4 dxc4 14. Nd1 b5 15.
Bxa5 Qxa5 16. Qxe7 bxa4 17. e5 Qb6+ 18. Kh1 Bb7 19. c3 Rad8 20. Nd4 Rfe8 21.
Qh4 Rb8 22. Rc1 Be4 23. a3 Qb7 24. Rf2 h5 25. Ne3 Bd3 26. Kg1 Qe4 27. Re1 Rb6
28. Rd2 Bxe5 29. Nxc4 Bxd4+ 30. Kh1 Bf6 31. Rxe4 Bxh4 32. Rxd3 Rbb8 33. g3 Bf6
34. Kg2 Red8 35. Rxd8+ Rxd8 36. Re2 g5 37. fxg5 Bxg5 38. Re5 Bc1 39. Re2 Rb8
40. Rc2 Bg5 41. Kf3 Kf8 42. Ne5 Rb5 43. Nd3 Ke7 44. c4 Rb3 45. Ke2 Bf6 46. Rd2
a5 47. c5 Rb8 48. Rc2 Kd7 49. Kd1 Rb3 50. c6+ Kc7 51. Kd2 Rb5 52. Ke2 Bd4 53.
Kf3 Rb3 54. Ke2 e5 55. Kd2 Rb5 56. Ke2 e4 57. Nf4 Bxb2 58. Ke3 Bxa3 59. Kxe4
Bb2 60. Nd5+ Rxd5 61. Kxd5 a3 62. Rf2 f6 63. Re2 a2 64. Re7+ Kb6 65. Rb7+ Ka6
66. Rxb2 a1=Q 67. c7 Qxb2 68. c8=Q+ Qb7+ 69. Qxb7+ Kxb7 70. Kc5 Ka6 71. h3 f5
72. h4 a4 73. Kb4 Kb6 0-1

[Event "Olimpiada de Khanty-Mansiysk 2010"]
[Site "Khanty-Mansiysk RUS"]
[Date "2010.09.24"]
[Round "4"]
[White "Khader, Sami"]
[Black "Leitao, Rafael"]
[Result "0-1"]
[WhiteElo "2449"]
[BlackElo "2624"]
[PlyCount "88"]
[EventDate "2010.09.21"]
[EventType "team"]
[EventRounds "11"]
[EventCountry "RUS"]
[Source "lmi"]
[SourceDate "2010.09.21"]
[WhiteTeam "Jordania"]
[BlackTeam "Brasil"]
[WhiteTeamCountry "JOR"]
[BlackTeamCountry "BRA"]

1. d4 d5 2. c4 c6 3. Nc3 dxc4 4. e4 b5 5. a4 b4 6. Na2 Nf6 7. e5 Nd5 8. Bxc4 e6
9. Nf3 a5 10. Bg5 Qb6 11. Nc1 Ba6 12. Qe2 h6 13. Bd2 Bxc4 14. Qxc4 Nd7 15. Nb3
Be7 16. O-O O-O 17. Rac1 Rac8 18. Nc5 Rfd8 19. Rfe1 Bf8 20. h4 Qc7 21. Qe2 Qa7
22. Qc4 Nxc5 23. dxc5 Nc7 24. Be3 Na6 25. Re2 Rd5 26. Qg4 Kh8 27. Rec2 Rcd8 28.
Qe4 Rd1+ 29. Kh2 Rxc1 30. Rxc1 Rd5 31. Nd4 Nxc5 32. Nb3 Nxe4 33. Bxa7 Rxe5 34.
Rxc6 Bd6 35. g3 Rd5 36. Be3 Be5 37. Bb6 Bxb2 38. Nxa5 Bf6 39. Kg2 Rd3 40. Rc4
b3 41. Rb4 Nd2 42. Be3 b2 43. Bxd2 Rxd2 44. Nc4 Rc2 0-1

[Event "Olimpiada de Khanty-Mansiysk 2010"]
[Site "Khanty-Mansiysk RUS"]
[Date "2010.09.24"]
[Round "4"]
[White "Milos, Gilberto"]
[Black "Samhouri, Ahmad Fawzi"]
[Result "1-0"]
[WhiteElo "2599"]
[BlackElo "2372"]
[PlyCount "59"]
[EventDate "2010.09.21"]
[EventType "team"]
[EventRounds "11"]
[EventCountry "RUS"]
[Source "lmi"]
[SourceDate "2010.09.21"]
[WhiteTeam "Brasil"]
[BlackTeam "Jordania"]
[WhiteTeamCountry "BRA"]
[BlackTeamCountry "JOR"]

1. e4 e5 2. Nf3 Nf6 3. Nxe5 d6 4. Nf3 Nxe4 5. d4 d5 6. Bd3 Be7 7. O-O Nc6 8.
Re1 Bg4 9. c4 Nf6 10. Nc3 Bxf3 11. Qxf3 Nxd4 12. Qd1 Ne6 13. cxd5 Nxd5 14. Bb5+
c6 15. Nxd5 cxb5 16. Qb3 O-O 17. Be3 Bc5 18. Rad1 Bxe3 19. Rxe3 Rc8 20. f4 Kh8
21. f5 Nc5 22. Qxb5 Re8 23. Nc3 Rxe3 24. Rxd8+ Rxd8 25. Qxc5 Re1+ 26. Kf2 Rc1
27. Qe7 Rc2+ 28. Kf3 Rcd2 29. Qxf7 R2d3+ 30. Ke4 1-0

[Event "Olimpiada de Khanty-Mansiysk 2010"]
[Site "Khanty-Mansiysk RUS"]
[Date "2010.09.24"]
[Round "4"]
[White "Mansour, Sameer"]
[Black "Fier, Alexandr"]
[Result "1/2-1/2"]
[WhiteElo "2283"]
[BlackElo "2588"]
[PlyCount "85"]
[EventDate "2010.09.21"]
[EventType "team"]
[EventRounds "11"]
[EventCountry "RUS"]
[Source "lmi"]
[SourceDate "2010.09.21"]
[WhiteTeam "Jordania"]
[BlackTeam "Brasil"]
[WhiteTeamCountry "JOR"]
[BlackTeamCountry "BRA"]

1. Nf3 b5 2. d4 Bb7 3. Bf4 Nf6 4. e3 b4 5. a3 e6 6. axb4 Bxb4+ 7. c3 Be7 8.
Nbd2 Nh5 9. Bg3 d6 10. Qb3 Bc6 11. c4 O-O 12. d5 Be8 13. dxe6 fxe6 14. Nd4 Qc8
15. Be2 Nxg3 16. hxg3 e5 17. Nb5 c6 18. Nc3 Nd7 19. Bg4 Bf7 20. Qc2 g6 21. O-O
Qb7 22. Ra5 Bd8 23. Ra3 Nf6 24. Bf3 d5 25. cxd5 cxd5 26. Rfa1 Be6 27. Ra6 Bb6
28. Nc4 Nd7 29. Nxb6 Nxb6 30. R6a5 Qf7 31. e4 d4 32. Nd5 Nxd5 33. exd5 Bf5 34.
Qe2 e4 35. Bxe4 Bxe4 36. Qxe4 Qxf2+ 37. Kh2 Rae8 38. Qg4 Re2 39. Qh3 d3 40.
Rxa7 h5 41. R1a6 Kh8 42. Qxh5+ gxh5 43. Rh6+ 1/2-1/2

[Event "Olimpiada de Khanty-Mansiysk 2010"]
[Site "Khanty-Mansiysk RUS"]
[Date "2010.09.24"]
[Round "4"]
[White "Diamant, Andre"]
[Black "Samhouri, Bilal"]
[Result "1/2-1/2"]
[WhiteElo "2498"]
[BlackElo "2269"]
[PlyCount "123"]
[EventDate "2010.09.21"]
[EventType "team"]
[EventRounds "11"]
[EventCountry "RUS"]
[Source "lmi"]
[SourceDate "2010.09.21"]
[WhiteTeam "Brasil"]
[BlackTeam "Jordania"]
[WhiteTeamCountry "BRA"]
[BlackTeamCountry "JOR"]

1. e4 c5 2. Nf3 e6 3. d4 cxd4 4. Nxd4 Nf6 5. Nc3 Nc6 6. Ndb5 Bb4 7. a3 Bxc3+ 8.
Nxc3 d5 9. exd5 exd5 10. Bd3 O-O 11. O-O d4 12. Ne2 Bg4 13. f3 Bh5 14. Nf4 Bg6
15. Nxg6 hxg6 16. f4 Ne7 17. Qf3 Qd5 18. Qh3 Qh5 19. Qxh5 gxh5 20. f5 Ned5 21.
Bg5 Rfe8 22. Rfe1 Ng4 23. Re4 Rxe4 24. Bxe4 Nde3 25. Re1 Re8 26. Bxb7 Rb8 27.
Be4 Rxb2 28. c3 f6 29. Bf4 Rf2 30. Bg3 Rd2 31. cxd4 Rxd4 32. h3 h4 33. Bb8 Rxe4
34. hxg4 Re7 35. Bd6 Rd7 36. Rxe3 Rxd6 37. Kh2 Kf7 38. Kh3 Rd2 39. Rb3 g5 40.
fxg6+ Kxg6 41. Kxh4 Ra2 42. Kg3 a6 43. Rc3 Rb2 44. Kf3 Rb5 45. Kg3 Ra5 46. Kh4
Ra4 47. Rb3 Kh6 48. Rb6 Kg6 49. Rc6 Kg7 50. Rc7+ Kg6 51. Rc3 Kh6 52. Rc6 Kg6
53. Rb6 Kg7 54. Rb3 Kg6 55. Rf3 Ra5 56. Kg3 Ra4 57. Rc3 Kg5 58. Kf3 Rf4+ 59.
Kg3 Rxg4+ 60. Kf3 Ra4 61. Rc5+ f5 62. Rc3 1/2-1/2

[Event "Olimpiada de Khanty-Mansiysk 2010"]
[Site "Khanty-Mansiysk RUS"]
[Date "2010.09.24"]
[Round "4"]
[White "Mikhalevski, Victor"]
[Black "Svetushkin, Dmitry"]
[Result "1-0"]
[WhiteElo "2610"]
[BlackElo "2552"]
[PlyCount "113"]
[EventDate "2010.09.21"]
[EventType "team"]
[EventRounds "11"]
[EventCountry "RUS"]
[Source "lmi"]
[SourceDate "2010.09.21"]
[WhiteTeam "Israel"]
[BlackTeam "Moldavia"]
[WhiteTeamCountry "ISR"]
[BlackTeamCountry "MDA"]

1. d4 Nf6 2. c4 e6 3. g3 d5 4. Nf3 dxc4 5. Bg2 b5 6. Ne5 Nd5 7. a4 c6 8. O-O
Bb7 9. b3 cxb3 10. Qxb3 b4 11. a5 Be7 12. Bb2 Ba6 13. Bf3 O-O 14. Rc1 Bb5 15.
Nd2 Qc8 16. e4 Nf6 17. d5 Qd8 18. dxe6 Qxd2 19. Rd1 Qh6 20. Nxf7 Qg6 21. Nd6
Na6 22. Nf5 Rae8 23. Rd7 Nc5 24. Qxb4 Ncxd7 25. Nxe7+ Rxe7 26. Qxe7 Nb8 27. Rd1
Na6 28. Bxf6 Qxf6 29. Qxf6 gxf6 30. Bh5 c5 31. e7 Rf7 32. Be2 Be8 33. Bxa6 Rxe7
34. f3 Rc7 35. Rd8 Kf7 36. Kf2 Ke7 37. Rc8 Rxc8 38. Bxc8 Kd6 39. Ba6 Bd7 40.
Bc4 Ke5 41. Ke3 h6 42. g4 Be8 43. h4 Bg6 44. f4+ Kd6 45. e5+ fxe5 46. f5 Be8
47. g5 hxg5 48. hxg5 Bd7 49. f6 Bf5 50. Bf7 Bg4 51. g6 Bh5 52. Be8 Ke6 53. f7
Ke7 54. f8=Q+ Kxf8 55. g7+ Kxg7 56. Bxh5 c4 57. Ke4 1-0

[Event "Olimpiada de Khanty-Mansiysk 2010"]
[Site "Khanty-Mansiysk RUS"]
[Date "2010.09.24"]
[Round "4"]
[White "Gundavaa, Bayarsaikhan"]
[Black "Nyback, Tomi"]
[Result "0-1"]
[WhiteElo "2460"]
[BlackElo "2635"]
[PlyCount "62"]
[EventDate "2010.09.21"]
[EventType "team"]
[EventRounds "11"]
[EventCountry "RUS"]
[Source "lmi"]
[SourceDate "2010.09.21"]
[WhiteTeam "Mongolia"]
[BlackTeam "Finlandia"]
[WhiteTeamCountry "MGL"]
[BlackTeamCountry "FIN"]

1. d4 Nf6 2. c4 c5 3. d5 e5 4. Nc3 d6 5. e4 Be7 6. Nf3 Nbd7 7. Be2 O-O 8. O-O
Ne8 9. Ne1 Bg5 10. Nd3 g6 11. g3 f5 12. exf5 Bxc1 13. Qxc1 gxf5 14. f4 e4 15.
Nf2 Ndf6 16. g4 fxg4 17. Ncxe4 Nxe4 18. Nxe4 Ng7 19. Qd2 Bf5 20. Ng3 Qf6 21.
Rae1 Rae8 22. Bd1 h5 23. Ba4 Rxe1 24. Rxe1 h4 25. Ne4 Bxe4 26. Rxe4 Nh5 27. Bd7
Nxf4 28. Kh1 g3 29. Kg1 g2 30. Re1 h3 31. Qe3 Ne2+ 0-1

[Event "Olimpiada de Khanty-Mansiysk 2010"]
[Site "Khanty-Mansiysk RUS"]
[Date "2010.09.24"]
[Round "4"]
[White "Karttunen, Mika"]
[Black "Battulga, Namkhai"]
[Result "0-1"]
[WhiteElo "2440"]
[BlackElo "2421"]
[PlyCount "104"]
[EventDate "2010.09.21"]
[EventType "team"]
[EventRounds "11"]
[EventCountry "RUS"]
[Source "lmi"]
[SourceDate "2010.09.21"]
[WhiteTeam "Finlandia"]
[BlackTeam "Mongolia"]
[WhiteTeamCountry "FIN"]
[BlackTeamCountry "MGL"]

1. d4 d5 2. Nf3 Nf6 3. g3 e6 4. Bg2 c5 5. e3 Nc6 6. O-O Bd6 7. c4 O-O 8. Nbd2
Qe7 9. a3 b6 10. Re1 Bb7 11. cxd5 exd5 12. Nh4 g6 13. b3 Rfe8 14. Bb2 Rad8 15.
f4 Ne4 16. Nhf3 f6 17. Qc2 Rc8 18. Nxe4 dxe4 19. Nd2 cxd4 20. Nxe4 Na5 21.
Nxf6+ Qxf6 22. Qd1 Bxg2 23. Kxg2 Qe6 24. e4 Qxb3 25. Qxd4 Rc2+ 26. Kh3 Rxb2 27.
Qxd6 Qe6+ 28. Qxe6+ Rxe6 29. Rad1 Re7 30. Rd8+ Kg7 31. e5 Nc6 32. Rd6 Rc2 33.
Red1 Na5 34. R1d3 Rcc7 35. Kg4 Nb7 36. R6d4 Nc5 37. Re3 Rcd7 38. Rc4 Rd3 39.
Rxd3 Nxd3 40. Rc6 Nc5 41. h4 h5+ 42. Kf3 Rd7 43. Ke2 Nb3 44. Rc3 Nd4+ 45. Ke3
Nf5+ 46. Kf3 b5 47. g4 Nd4+ 48. Ke4 Ne2 49. Re3 Rd4+ 50. Kf3 Nxf4 51. e6 hxg4+
52. Kf2 Kf8 0-1

[Event "Olimpiada de Khanty-Mansiysk 2010"]
[Site "Khanty-Mansiysk RUS"]
[Date "2010.09.24"]
[Round "4"]
[White "Erdene, Ganzorig"]
[Black "Norri, Joose"]
[Result "1-0"]
[WhiteElo "2330"]
[BlackElo "2330"]
[PlyCount "95"]
[EventDate "2010.09.21"]
[EventType "team"]
[EventRounds "11"]
[EventCountry "RUS"]
[Source "lmi"]
[SourceDate "2010.09.21"]
[WhiteTeam "Mongolia"]
[BlackTeam "Finlandia"]
[WhiteTeamCountry "MGL"]
[BlackTeamCountry "FIN"]

1. d4 e6 2. c4 Nf6 3. Nf3 c5 4. d5 exd5 5. cxd5 d6 6. Nc3 g6 7. e4 Bg7 8. Bd3
O-O 9. O-O Bg4 10. h3 Bxf3 11. Qxf3 a6 12. Bf4 Qc7 13. Be2 b5 14. Qg3 Ne8 15.
a4 b4 16. Nd1 Qe7 17. Rc1 Qxe4 18. Re1 Qe7 19. b3 Nd7 20. Ne3 Be5 21. Nc4 f6
22. Bg4 Ra7 23. Bh6 f5 24. f4 Bd4+ 25. Kh1 Qf7 26. Bxf8 Nxf8 27. Bxf5 Qxf5 28.
Rxe8 Qxd5 29. f5 Qxf5 30. Nxd6 Qf6 31. Ne4 Qf5 32. Qg5 Qd7 33. Qd8 Qxd8 34.
Rxd8 Re7 35. Nxc5 Be3 36. Rc4 Kg7 37. g4 Rf7 38. Nd3 Ne6 39. Re8 Rd7 40. Rxe6
Rxd3 41. Rxb4 Bg5 42. Rxa6 Rxh3+ 43. Kg2 Rc3 44. Re6 Rc2+ 45. Kf3 Rc3+ 46. Ke2
Rc2+ 47. Kd3 Rg2 48. Rd4 1-0

[Event "Olimpiada de Khanty-Mansiysk 2010"]
[Site "Khanty-Mansiysk RUS"]
[Date "2010.09.24"]
[Round "4"]
[White "Cordova, Emilio"]
[Black "Smerdon, David"]
[Result "1/2-1/2"]
[WhiteElo "2539"]
[BlackElo "2526"]
[PlyCount "93"]
[EventDate "2010.09.21"]
[EventType "team"]
[EventRounds "11"]
[EventCountry "RUS"]
[Source "lmi"]
[SourceDate "2010.09.21"]
[WhiteTeam "Perú"]
[BlackTeam "Australia"]
[WhiteTeamCountry "PER"]
[BlackTeamCountry "AUS"]

1. d4 e6 2. Nf3 c5 3. e3 Nf6 4. Bd3 d5 5. b3 Nc6 6. O-O Bd6 7. Bb2 O-O 8. Nbd2
Qe7 9. c4 cxd4 10. exd4 b6 11. a3 Bb7 12. b4 dxc4 13. Nxc4 Rfd8 14. Re1 Rac8
15. Qe2 Bf4 16. Rad1 Qc7 17. Nce5 Ne7 18. g3 Bh6 19. h4 Ng6 20. Ng5 Bxg5 21.
hxg5 Nxe5 22. dxe5 Nd5 23. Rc1 Qd7 24. Ba6 Bxa6 25. Qxa6 Rxc1 26. Rxc1 Ne7 27.
Qe2 g6 28. b5 Qd5 29. a4 Qb3 30. Qc2 Qf3 31. Qc3 Rd3 32. Qb4 Rd1+ 33. Rxd1
Qxd1+ 34. Kg2 Nd5 35. Qd4 Qb3 36. Bc1 Qc3 37. Qxc3 Nxc3 38. Bb2 Ne4 39. Bd4 Kf8
40. Kf3 Nd2+ 41. Ke3 Nc4+ 42. Kd3 Na5 43. Bc3 Nb7 44. a5 Nc5+ 45. Kc4 Nd7 46.
Bd4 Ke7 47. f4 1/2-1/2

[Event "Olimpiada de Khanty-Mansiysk 2010"]
[Site "Khanty-Mansiysk RUS"]
[Date "2010.09.24"]
[Round "4"]
[White "Xie, George Wendi"]
[Black "Cori, Jorge"]
[Result "0-1"]
[WhiteElo "2478"]
[BlackElo "2496"]
[PlyCount "62"]
[EventDate "2010.09.21"]
[EventType "team"]
[EventRounds "11"]
[EventCountry "RUS"]
[Source "lmi"]
[SourceDate "2010.09.21"]
[WhiteTeam "Australia"]
[BlackTeam "Perú"]
[WhiteTeamCountry "AUS"]
[BlackTeamCountry "PER"]

1. e4 e6 2. d4 d5 3. Nc3 Nf6 4. Bg5 Bb4 5. Nge2 dxe4 6. a3 Be7 7. Bxf6 gxf6 8.
Nxe4 b6 9. Nf4 Bb7 10. Bb5+ Kf8 11. Nc3 Qd6 12. Qd2 Rg8 13. O-O-O f5 14. h4 Kg7
15. d5 c6 16. Nh5+ Kh8 17. Bd3 cxd5 18. Rhe1 Nc6 19. Bxf5 exf5 20. Nxd5 Bf8 21.
Qc3+ Bg7 22. Ndf6 Qf8 23. Rd7 Rc8 24. Rxb7 Na5 25. Qxc8 Qxc8 26. Rxf7 Nb3+ 27.
Kb1 Nd2+ 28. Ka1 Ne4 29. Nxg8 Bxb2+ 30. Kb1 Kxg8 31. Re7 Bd4 0-1

[Event "Olimpiada de Khanty-Mansiysk 2010"]
[Site "Khanty-Mansiysk RUS"]
[Date "2010.09.24"]
[Round "4"]
[White "Pacheco, Marco"]
[Black "Johansen, Darryl K"]
[Result "1/2-1/2"]
[WhiteElo "2392"]
[BlackElo "2420"]
[PlyCount "29"]
[EventDate "2010.09.21"]
[EventType "team"]
[EventRounds "11"]
[EventCountry "RUS"]
[Source "lmi"]
[SourceDate "2010.09.21"]
[WhiteTeam "Perú"]
[BlackTeam "Australia"]
[WhiteTeamCountry "PER"]
[BlackTeamCountry "AUS"]

1. d4 e6 2. Nf3 c5 3. g3 cxd4 4. Nxd4 d5 5. Bg2 Nf6 6. O-O e5 7. Nb3 Be6 8. Bg5
Nbd7 9. e4 dxe4 10. Nc3 Be7 11. Bxf6 Nxf6 12. Qxd8+ Kxd8 13. Nd2 Kc7 14. Ndxe4
Nxe4 15. Bxe4 1/2-1/2

[Event "Olimpiada de Khanty-Mansiysk 2010"]
[Site "Khanty-Mansiysk RUS"]
[Date "2010.09.24"]
[Round "4"]
[White "Djukic, Nikola"]
[Black "Miezis, Normunds"]
[Result "0-1"]
[WhiteElo "2475"]
[BlackElo "2519"]
[PlyCount "132"]
[EventDate "2010.09.21"]
[EventType "team"]
[EventRounds "11"]
[EventCountry "RUS"]
[Source "lmi"]
[SourceDate "2010.09.21"]
[WhiteTeam "MNE"]
[BlackTeam "Letonia"]
[BlackTeamCountry "LAT"]

1. e4 c5 2. Nf3 e6 3. d4 cxd4 4. Nxd4 a6 5. Nc3 Qc7 6. Bd3 Nc6 7. Nxc6 dxc6 8.
O-O e5 9. f4 Nf6 10. Kh1 Bd6 11. f5 h5 12. Be3 Qe7 13. Bg5 Bc5 14. Qf3 Bd4 15.
a4 h4 16. a5 Bd7 17. Na4 Nh5 18. Qxh5 Rxh5 19. Bxe7 Kxe7 20. c3 Ba7 21. Bc4 Rd8
22. Rad1 Rg5 23. Be2 f6 24. Rd3 c5 25. Nb6 Bxb6 26. axb6 Bb5 27. Rxd8 Bxe2 28.
Rfd1 Bxd1 29. Rxd1 Rg4 30. Rd5 Rxe4 31. Kg1 Re1+ 32. Kf2 Rb1 33. Rd2 Ra1 34.
Kf3 Ra5 35. Kg4 Rb5 36. Kxh4 Rxb6 37. g4 Rd6 38. Rg2 Rd3 39. Kh5 Kf7 40. h4 c4
41. Rf2 b5 42. g5 a5 43. Kg4 Rd1 44. Kf3 b4 45. g6+ Ke7 46. h5 Rh1 47. cxb4
axb4 48. Rc2 Rxh5 49. Rxc4 Rxf5+ 50. Ke3 Rg5 51. Rc7+ Ke6 52. Rxg7 Kf5 53. Rb7
Rg3+ 54. Kf2 Rxg6 55. Rxb4 e4 56. Rb6 Kf4 57. Re6 Kf5 58. Rb6 Rg8 59. b4 Ke5
60. b5 Rc8 61. Rb7 f5 62. b6 Rc2+ 63. Ke1 Rb2 64. Re7+ Kf4 65. b7 Ke3 66. Kf1
f4 0-1

[Event "Olimpiada de Khanty-Mansiysk 2010"]
[Site "Khanty-Mansiysk RUS"]
[Date "2010.09.24"]
[Round "4"]
[White "Meijers, Viesturs"]
[Black "Kosic, Dragan"]
[Result "1/2-1/2"]
[WhiteElo "2502"]
[BlackElo "2481"]
[PlyCount "91"]
[EventDate "2010.09.21"]
[EventType "team"]
[EventRounds "11"]
[EventCountry "RUS"]
[Source "lmi"]
[SourceDate "2010.09.21"]
[WhiteTeam "Letonia"]
[BlackTeam "MNE"]
[WhiteTeamCountry "LAT"]

1. c4 c5 2. Nf3 Nc6 3. b3 e5 4. Nc3 g6 5. Bb2 Bg7 6. h4 d6 7. g3 h6 8. Bg2 Nge7
9. a3 f5 10. d3 O-O 11. Nd2 Rb8 12. Nd5 Nd4 13. e3 Ne6 14. a4 b6 15. Nb1 Nxd5
16. Bxd5 Kh7 17. Nc3 Nc7 18. Bg2 a6 19. Qe2 Be6 20. f4 Rf7 21. O-O exf4 22.
exf4 Bd4+ 23. Kh2 Qf6 24. Nd1 Re8 25. Bxd4 Qxd4 26. Qb2 Qxb2 27. Nxb2 Bd7 28.
Rae1 Rfe7 29. Rxe7+ Rxe7 30. Nd1 Kg7 31. Nc3 Re3 32. Rd1 b5 33. axb5 axb5 34.
Kg1 b4 35. Kf2 Re7 36. Nd5 Nxd5 37. Bxd5 Be6 38. Bxe6 Rxe6 39. Ra1 Kf6 40. Ra8
h5 41. Ra5 Ke7 42. Ra7+ Ke8 43. Rb7 Kd8 44. Rg7 Ke8 45. Rb7 Kd8 46. Rg7 1/2-1/2

[Event "Olimpiada de Khanty-Mansiysk 2010"]
[Site "Khanty-Mansiysk RUS"]
[Date "2010.09.24"]
[Round "4"]
[White "Kantans, Toms"]
[Black "Kalezic, Blazo"]
[Result "0-1"]
[WhiteElo "2332"]
[BlackElo "2449"]
[PlyCount "92"]
[EventDate "2010.09.21"]
[EventType "team"]
[EventRounds "11"]
[EventCountry "RUS"]
[Source "lmi"]
[SourceDate "2010.09.21"]
[WhiteTeam "Letonia"]
[BlackTeam "MNE"]
[WhiteTeamCountry "LAT"]

1. e4 e6 2. d4 d5 3. Nc3 Nf6 4. Bg5 Be7 5. e5 Nfd7 6. h4 a6 7. Qg4 Bxg5 8. hxg5
c5 9. g6 f5 10. Qf4 h6 11. dxc5 Nc6 12. Nf3 Ne7 13. g4 Rf8 14. gxf5 Rxf5 15.
Qg3 Nxc5 16. O-O-O Qb6 17. a3 Bd7 18. Nd4 Rf8 19. Qh4 Nf5 20. Nxf5 Rxf5 21. Bh3
Rf8 22. b4 Rc8 23. bxc5 Qxc5 24. Rd3 d4 25. Qxd4 Qxd4 26. Rxd4 Rxc3 27. Kb2 Rc7
28. f4 Ke7 29. Rhd1 Be8 30. Rd6 Rc6 31. R1d4 Rxd6 32. exd6+ Kd7 33. Re4 Rf6 34.
f5 Kxd6 35. fxe6 Ke7 36. Re3 Rxg6 37. Kc3 Rg1 38. Kd4 g5 39. Bf5 g4 40. Ke5 h5
41. Kf4 Rf1+ 42. Kg5 Rf3 43. Re5 g3 44. Re1 g2 45. Rg1 Bc6 46. Bd3 Rh3 0-1

[Event "Olimpiada de Khanty-Mansiysk 2010"]
[Site "Khanty-Mansiysk RUS"]
[Date "2010.09.24"]
[Round "4"]
[White "Smith, Robert W"]
[Black "Ragger, Markus"]
[Result "1/2-1/2"]
[WhiteElo "2282"]
[BlackElo "2628"]
[PlyCount "135"]
[EventDate "2010.09.21"]
[EventType "team"]
[EventRounds "11"]
[EventCountry "RUS"]
[Source "lmi"]
[SourceDate "2010.09.21"]
[WhiteTeam "Nueva Zelanda"]
[BlackTeam "Austria"]
[WhiteTeamCountry "NZL"]
[BlackTeamCountry "AUT"]

1. e4 e5 2. Nf3 Nc6 3. Bc4 Nf6 4. d3 Be7 5. h3 O-O 6. O-O d6 7. c3 Na5 8. Bb5
a6 9. Ba4 b5 10. Bc2 c5 11. Nbd2 Nc6 12. Re1 h6 13. a4 Be6 14. Nf1 Qc7 15. Qe2
Rfe8 16. Ng3 Rad8 17. axb5 axb5 18. Nh4 Nxe4 19. dxe4 Bxh4 20. Qxb5 c4 21. Ra6
Nb8 22. Ra4 Rc8 23. Qa5 Qc6 24. Rb4 Qd7 25. Qb6 Nc6 26. Ba4 Be7 27. Rd1 Red8
28. Nf5 Bf8 29. Ne3 Qc7 30. Qxc7 Rxc7 31. Rb6 Na5 32. Nd5 Ra7 33. Be3 Raa8 34.
Rb4 Bxd5 35. Rxd5 Rdc8 36. Bd7 Rc7 37. Bg4 Nb3 38. Be2 Na1 39. Rxc4 Rb7 40. b4
Nc2 41. Bd2 Ra2 42. Bg4 Be7 43. Bf5 g6 44. Bc8 Rba7 45. Bxh6 Ra1+ 46. Kh2 R7a2
47. Rd2 Kh7 48. Rc7 Bh4 49. Bf8 Kg8 50. Bxd6 Re1 51. g3 Bg5 52. f4 exf4 53.
Bxf4 Bxf4 54. gxf4 Nxb4 55. Rxa2 Nxa2 56. Bb7 Re2+ 57. Kg3 Re3+ 58. Kg4 Nxc3
59. e5 Nd1 60. Rc2 Rb3 61. Rc7 Nf2+ 62. Kg5 Nxh3+ 63. Kh6 Kf8 64. Rxf7+ Kxf7
65. Bd5+ Ke7 66. Bxb3 Nxf4 67. Kg5 Nd3 68. Kxg6 1/2-1/2

[Event "Olimpiada de Khanty-Mansiysk 2010"]
[Site "Khanty-Mansiysk RUS"]
[Date "2010.09.24"]
[Round "4"]
[White "Shengelia, David"]
[Black "Steadman, Michael"]
[Result "1-0"]
[WhiteElo "2587"]
[BlackElo "2309"]
[PlyCount "65"]
[EventDate "2010.09.21"]
[EventType "team"]
[EventRounds "11"]
[EventCountry "RUS"]
[Source "lmi"]
[SourceDate "2010.09.21"]
[WhiteTeam "Austria"]
[BlackTeam "Nueva Zelanda"]
[WhiteTeamCountry "AUT"]
[BlackTeamCountry "NZL"]

1. Nf3 f5 2. c4 Nf6 3. g3 e6 4. Bg2 d5 5. O-O Bd6 6. d3 O-O 7. Nc3 dxc4 8. dxc4
Nc6 9. Nb5 e5 10. Nxd6 cxd6 11. b3 Qe7 12. Ba3 Rd8 13. Qd2 Ne4 14. Qb2 a5 15.
Nd2 Nc5 16. Nb1 Be6 17. Nc3 Rab8 18. Rad1 e4 19. f3 exf3 20. exf3 f4 21. Rfe1
Qf7 22. Nb5 Qg6 23. Nxd6 b6 24. Qe2 fxg3 25. Bxc5 gxh2+ 26. Kh1 bxc5 27. Qxe6+
Qxe6 28. Rxe6 Nd4 29. Rxd4 cxd4 30. Bf1 a4 31. c5 axb3 32. Bc4 Kf8 33. axb3 1-0

[Event "Olimpiada de Khanty-Mansiysk 2010"]
[Site "Khanty-Mansiysk RUS"]
[Date "2010.09.24"]
[Round "4"]
[White "Croad, Nicolas"]
[Black "Neubauer, Martin"]
[Result "0-1"]
[WhiteElo "2297"]
[BlackElo "2428"]
[PlyCount "44"]
[EventDate "2010.09.21"]
[EventType "team"]
[EventRounds "11"]
[EventCountry "RUS"]
[Source "lmi"]
[SourceDate "2010.09.21"]
[WhiteTeam "Nueva Zelanda"]
[BlackTeam "Austria"]
[WhiteTeamCountry "NZL"]
[BlackTeamCountry "AUT"]

1. d4 d5 2. c4 c6 3. Nc3 dxc4 4. Nf3 Nf6 5. a4 Bf5 6. Ne5 Nbd7 7. Nxc4 Qc7 8.
g3 e5 9. dxe5 Nxe5 10. Bf4 Nfd7 11. Nxe5 Nxe5 12. Bg2 Rd8 13. Qc1 f6 14. O-O
Qa5 15. Rd1 Be7 16. Rxd8+ Bxd8 17. Ne4 Be7 18. Bd2 Qa6 19. Nc5 Qxe2 20. Nxb7
Nf3+ 21. Kh1 Nxd2 22. Qxc6+ Kf7 0-1

[Event "Olimpiada de Khanty-Mansiysk 2010"]
[Site "Khanty-Mansiysk RUS"]
[Date "2010.09.24"]
[Round "4"]
[White "Danner, Georg"]
[Black "Han, Daniel"]
[Result "1-0"]
[WhiteElo "2422"]
[BlackElo "2200"]
[PlyCount "59"]
[EventDate "2010.09.21"]
[EventType "team"]
[EventRounds "11"]
[EventCountry "RUS"]
[Source "lmi"]
[SourceDate "2010.09.21"]
[WhiteTeam "Austria"]
[BlackTeam "Nueva Zelanda"]
[WhiteTeamCountry "AUT"]
[BlackTeamCountry "NZL"]

1. d4 Nf6 2. Nf3 e6 3. c4 b6 4. e3 Bb7 5. Bd3 d5 6. O-O Bd6 7. Nc3 O-O 8. b3
Nbd7 9. Bb2 a6 10. Ne2 Ne4 11. Ne5 Bxe5 12. dxe5 Ndc5 13. Bxe4 Nxe4 14. f3 Nc5
15. cxd5 exd5 16. Ng3 a5 17. Qc2 Re8 18. Rad1 Qg5 19. f4 Qg6 20. f5 Qg5 21. Rf4
Rac8 22. Qe2 Ba6 23. Qf3 Nd3 24. Rg4 Qh6 25. Rxd3 Bxd3 26. e6 f6 27. Nh5 Kh8
28. Rxg7 Be4 29. Bxf6 Bxf3 30. Rg6+ 1-0